000 00766nam a2200253Ia 4500
003 OSt
005 20220923215747.0
006 a|||||r|||| 00| 0
007 ta
008 220922b |||||||| |||| 00| 0 hin d
024 _a181,581
037 _cTextual
040 _aARTS
_cARTS
_bhin
041 _2hin
_ahin
082 _aO152,1N104x, M0
100 _aरांगेय राघव
245 0 _aगलियारे की धूप
246 _aGaliyāre kī dhūpa
260 _aदिल्ली
_b शब्दकार
_c1980
300 _a39 पृ.
_ccm.
650 _aहिन्दी साहित्य
_9156264
942 _hO152,1N104x, M0
_cTEXL
_2CC
999 _c334958
_d334958